La educación como actividad económica. Bases para una crítica al sistema educacional escolar chileno.

Spremljeno u:
Bibliografski detalji
Glavni autor: Zárate Carrazana, Miguel (autor)
Format: Nepoznato
Jezik:engleski
Izdano: Santiago, Chile Ediciones Der- Instituto Chileno de Derecho Educacional 2021
Serija:Ensayos Jurídicos
Teme:
Oznake: Dodaj oznaku
Bez oznaka, Budi prvi tko označuje ovaj zapis!

MARC

LEADER 00000 a2200000 4500
003 CL-VaPUC
005 20240807163630.0
008 210624b2021 ||||| |||| 00| 0 eng d
999 |c 433245  |d 433243 
020 |a 9789569959905 
040 |c Pontificia Universidad Católica de Valparaíso 
082 0 4 |a 344.83079 ZAR 2021  |2 21 
100 1 |a Zárate Carrazana, Miguel   |e autor  |9 861856 
245 1 3 |a La educación como actividad económica. Bases para una crítica al sistema educacional escolar chileno. 
260 |a Santiago, Chile   |b Ediciones Der-  |b Instituto Chileno de Derecho Educacional  |c 2021 
300 |a 805 páginas  
490 0 |a Ensayos Jurídicos  
583 |k Cristina Rojas  |c 20210624 
650 1 0 |a Derecho a la educación   |z Chile  |9 307987 
650 1 |a Educación  |x Actividad económica  |9 862099 
650 1 |a Libertad de enseñanza  |9 311567 
650 1 0 |a Derecho constitucional chileno  |9 478271 
942 |2 ddc  |c BK 
952 |0 0  |1 0  |2 ddc  |4 0  |6 344_830790000000000_ZAR_2021  |7 0  |8 A  |9 578324  |a BIBDER  |b BIBDER  |d 2021-06-24  |e 22  |g 29054.00  |i 558521K  |l 4  |m 4  |o 344.83079 ZAR 2021  |p 558521K  |r 2023-01-25  |s 2022-09-12  |t 1  |v 29054.00  |w 2021-06-24  |y BK  |k DER